[Event "Serpukhov Rating"]
[Site "Serpukhov"]
[Date "2007.04.23"]
[Round "6"]
[White "Tarasuan, Robert"]
[Black "Kheteev, Zaurbek"]
[Result "1/2-1/2"]
[WhiteElo "2143"]
[BlackElo "2184"]
[PlyCount "42"]
[EventDate "2007.04.19"]
[EventType "tourn"]
[EventRounds "10"]
[EventCountry "RUS"]
[SourceTitle "EXT 2022"]
[Source "ChessBase"]
[SourceDate "2021.10.06"]
[SourceVersion "1"]
[SourceVersionDate "2021.10.06"]
[SourceQuality "1"]

1. e4 c6 2. d4 d5 3. exd5 cxd5 4. Bd3 Nc6 5. c3 Nf6 6. Nf3 Bg4 7. Bf4 e6 8. Nbd2 Be7 9. 0-0 Bh5 10. Qb3 Qc8 11. Ne5 Nxe5 12. Bxe5 0-0 13. Qc2 Bg6 14. Bxg6 hxg6 15. Rae1 Nd7 16. Nf3 Nxe5 17. Nxe5 Bf6 18. Re3 Bxe5 19. Rxe5 Qc7 20. Qd3 Qc4 21. Qxc4 dxc4 1/2-1/2

[Event "Serpukhov Rating"]
[Site "Serpukhov"]
[Date "2007.04.22"]
[Round "4"]
[White "Kheteev, Zaurbek"]
[Black "Scherbakova, Alisa"]
[Result "1-0"]
[WhiteElo "2184"]
[BlackElo "1989"]
[PlyCount "143"]
[EventDate "2007.04.19"]
[EventType "tourn"]
[EventRounds "10"]
[EventCountry "RUS"]
[SourceTitle "EXT 2022"]
[Source "ChessBase"]
[SourceDate "2021.10.06"]
[SourceVersion "1"]
[SourceVersionDate "2021.10.06"]
[SourceQuality "1"]

1. d4 d5 2. Nf3 Nf6 3. Bf4 Bf5 4. e3 e6 5. Be2 Nbd7 6. 0-0 Be7 7. c4 c6 8. Nc3 0-0 9. Nh4 Bg6 10. Nxg6 hxg6 11. h3 dxc4 12. Bxc4 b5 13. Bd3 b4 14. Ne4 Nd5 15. Bh2 Qb6 16. Qa4 a5 17. Rac1 Rfc8 18. Rfd1 Qb7 19. Nc5 Nxc5 20. dxc5 Qa7 21. Qc2 Nf6 22. Be2 Rd8 23. Bd6 Bxd6 24. Rxd6 Rxd6 25. cxd6 Rc8 26. Qc5 Qxc5 27. Rxc5 Ne4 28. d7 Rd8 29. Rxa5 Rxd7 30. Bf3 Nd2 31. Ra8+ Kh7 32. Bxc6 Rc7 33. Bb5 Rc2 34. b3 Ne4 35. Ra4 Nxf2 36. Rxb4 Rxa2 37. Rd4 f5 38. Bc4 Ne4 39. Bxe6 Kh6 40. Bd5 Ng3 41. Bf3 Rb2 42. b4 Rb1+ 43. Kf2 Nh1+ 44. Ke2 Rb2+ 45. Kd3 Nf2+ 46. Kc3 Rb1 47. Kc2 Re1 48. b5 Rxe3 49. b6 Re8 50. b7 Ne4 51. Bxe4 fxe4 52. Rxe4 Rb8 53. Rb4 g5 54. Kd3 Kg6 55. Ke4 Kf7 56. Kf5 g6+ 57. Kxg5 Kg7 58. Kf4 Kf6 59. Rb6+ Kf7 60. Ke5 Ke7 61. Rxg6 Kd7 62. Kd5 Kc7 63. Kc5 Rf8 64. Rg7+ Kb8 65. Kd5 Rf2 66. Ke4 Rf1 67. h4 Rh1 68. g3 Rh2 69. Kf3 Rh1 70. Kg4 Rh2 71. h5 Rh1 72. Kg5 1-0

[Event "Serpukhov Rating"]
[Site "Serpukhov"]
[Date "2007.04.20"]
[Round "2"]
[White "Kheteev, Zaurbek"]
[Black "Kudris, Vladislav"]
[Result "1-0"]
[WhiteElo "2184"]
[BlackElo "1906"]
[PlyCount "93"]
[EventDate "2007.04.19"]
[EventType "tourn"]
[EventRounds "10"]
[EventCountry "RUS"]
[SourceTitle "EXT 2022"]
[Source "ChessBase"]
[SourceDate "2021.10.06"]
[SourceVersion "1"]
[SourceVersionDate "2021.10.06"]
[SourceQuality "1"]

1. d4 e5 2. c3 exd4 3. cxd4 Bb4+ 4. Bd2 Bxd2+ 5. Qxd2 Nf6 6. Nc3 d5 7. e3 0-0 8. Bd3 Re8 9. Nf3 Nbd7 10. 0-0 c6 11. Qc2 h6 12. b4 b6 13. Rfc1 Qe7 14. Rab1 Bb7 15. Ne2 Ne4 16. Ng3 Ndf6 17. Ne5 Nxg3 18. hxg3 Rec8 19. Qb3 Ne4 20. Bxe4 dxe4 21. Rc3 Kf8 22. Rbc1 Qe8 23. Qc2 f5 24. g4 Qe6 25. gxf5 Qxf5 26. f3 c5 27. bxc5 bxc5 28. Rxc5 Qe6 29. f4 Kg8 30. Qc4 Qxc4 31. R1xc4 Rxc5 32. Rxc5 Ba6 33. Ra5 Bd3 34. Nxd3 exd3 35. Ra3 d2 36. Rd3 Re8 37. Kf2 d1Q 38. Rxd1 Kf7 39. Rd3 Rc8 40. Ra3 Rc7 41. Ra6 Ke7 42. Kf3 Kd7 43. d5 Kc8 44. Rc6 Rxc6 45. dxc6 Kc7 46. Ke4 Kxc6 47. f5 1-0